000 00856nam a2200193 i 4500
001 158178
003 ES-MaACL
005 20250716063315.0
008 990409s1884 sp |||| | spa d
040 _aCCPB | B
_bspa
_cCCPB | B
100 1 _aLuanco, José Ramón de,
_d1825-1905
_974486
245 1 0 _aOtro libro catalán desconocido
_b: memoria leída en la Real Academia de Buenas Letras de Barcelona en la sesión del 9 de junio de 1884 /
_cpor José Ramón de Luanco.
260 _aBarcelona :
_b[s.n.],
_c1884 (
_fImp. de Jaime Jepús)
300 _a26 p. ;
_c28 cm.
650 0 4 _aLibros raros-
_zEspaña-
_vBibliografías.
_914453
650 4 _aAlquimia.
_99742
852 _aES-MaACL
_jT-452-F-14
_z.- Dedicatoria manuscrita del autor
_z-- Enc. hol.
_q-- Falto de la cub. original
_z-- Enc. en un vol. facticio
999 _c158178
_d158178